000 00797nam a2200265Ia 4500
003 OSt
005 20220928130802.0
006 a|||||r|||| 00| 0
007 ta
008 220927b |||||||| |||| 00| 0 eng d
020 _c9177
024 _a129487
037 _b217, 09/03/2016, Excel Book International
_cTextual
040 _aSDCL
_cSDCL
_beng
041 _2eng
_aeng
082 _aC52, Q6
100 _aKuester Edward F.
_9460718
245 0 _aElectromagnetic boundary problems
260 _aBoca Raton
_b CRC Press
_c2016
300 _axxii;341p.
_ccm.
650 _aElectronic Science
700 _a Chang David C.
_9476211
942 _hC52, Q6
_cTEXL
_2CC
999 _c788693
_d788693